000 00228nam a2200097Ia 4500
005 20251222114408.0
008 251222s1900||||xx |||||||||||||| ||spa||
082 _aDVD0111/S29/2005/Ej.2
245 0 _aPiratas del callao
942 _cDVD
999 _c1930
_d1930